Hypotekárna expanzia

Enregistré dans:
Détails bibliographiques
Auteur principal: Kaderová, Andrea
Autres auteurs: Strešňáková, Anna, 1976-
Format: Chapitre de livre
Langue:slovaque
Sujets:
Tags: Ajouter un tag
Pas de tags, Soyez le premier à ajouter un tag!

MARC

LEADER 00000nla$a2200000$$$4500
001 0134921
005 20240502072520.7
041 0 |a slo 
044 |a SK 
245 1 0 |a Hypotekárna expanzia  |c Andrea Kaderová, Anna Strešňáková 
500 |a Abstrakt 
610 2 0 |a trh hypotekárny 
610 2 0 |a hypotéky 
610 2 0 |a miera úroková 
610 2 0 |a financovanie 
610 2 0 |a obstarávanie kapitálu 
610 2 0 |a cena nehnuteľností 
100 1 |a Kaderová, Andrea 
700 1 |a Strešňáková, Anna, 1976-